000 00378nam a2200133 a 4500
001 000042444
005 20201002040147.0
008 131203s2004 dr ac 000 0 spa d
040 _aDO-SdBNP
_bspa
_cBNPHU
100 1 _aOviedo, Ramón
_924678
245 1 0 _aOviedo :
_bautorretratos /
_cRamón Oviedo.
260 _a[Santo Domingo] :
_bArawak,
_c[199?].
300 _a[20] p. ;
_c22 cm.
999 _c41933
_d41933